000 00482nam a2200181Ia 4500
008 220531s9999 xx 000 0 und d
041 _aeng
082 _a-
_bELE / JAD
100 _aJadhavar, S. U. and Others
_973331
245 _aElement of Company Law
250 _a1ST
260 _aPune
_bSuccess
_c2014
300 _a10.37
542 _d09-11-2018
650 _aCompany Law
_973332
906 _cS.Y.B.Com.
_d2018-2019
_eElantas beck Co.
_f14664
999 _c40895
_d40895